1978: NFL Teams with the Most Points - Statistics

General Stats
  • This quiz has been taken 15 times
  • The average score is 8 of 10
Answer Stats
Number of points NFL Team % Correct
384 Dallas Cowboys
100%
372 Miami Dolphins
86%
356 Pittsburgh Steelers
86%
316 Los Angeles Rams
79%
358 New England Patriots
79%
359 New York Jets
79%
355 San Diego Chargers
79%
345 Seattle Seahawks
79%
334 Cleveland Browns
71%
311 Oakland Raiders
71%
No matching quizzes found
Score Distribution
Percent of People with Each Score
Percentile by Number Answered
Your Score History
You have not taken this quiz